| 000 | 00347nam a2200133Ia 4500 | ||
|---|---|---|---|
| 008 | 220204s9999 xx 000 0 und d | ||
| 082 |
_a576 _bKIM |
||
| 100 | _aKIMBALL, John W | ||
| 245 | 0 | _aCell biology. | |
| 260 |
_aCalifornia _bAddison Wesley _c1968 |
||
| 490 | _aAddison Wesley series in life science. | ||
| 650 | _aCell biology | ||
| 942 | _cBK | ||
| 999 |
_c26672 _d26672 |
||